00632nam a2200145 a 450000100100000000500170001000800410002704000250006811101420009324500460023526000490028130000340033095201050036499900170046900003211620200930063438.0110712s1983 dr 000 0 spa d aDO-SdBNPbspacBNPHU1 aJornada científica Dr. José de Jesús Jiménez Almonten(4-6 de agostocSantiago de los Caballeros, República Dominicana )95823310aEcosistemas de la República Dominicana. aSanto Domingo :bEditorial CENAPEC,c[1983]. a197 p. :bil., map. ;c21 cm. 0010718PDaPDbPDcCTd2011-07-12iLF1l0o p32116-10r2020-06-25w2020-06-25yLFPDZNo se presta c31607d31607